000 00688nam a2200205 i 4500
001 113263
003 ES-MaACL
005 20250818235743.0
007 t|
008 070221s1967 fr ||||1| fre d
080 _a22
130 0 0 _aBiblia
_9119237
245 1 3 _aLa Sainte Bible qui comprend l'ancien et le nouveau testament /
_ctraduits d'après les textes originaux hébreu et grec par Louis Segond.
260 _aParis :
_bSociété Biblique Française,
_c1967.
300 _a325 p., [8] h. de map. col. ;
_c18 cm.
500 _aBiblioteca Jacinto Martínez Lacalle.
700 1 _aSegond, Louis.
_9105136
852 _aES-MaACL
_jE-11620
_bR.139640
999 _c113263
_d113263